MDQL
is popping MORE tags! Check the
thread
!
Quizzes
Events
Quiz Creation
Community
Videos
Private Events
Remove Ads
Sign In
Join for FREE
Feedback
Dark Mode
Quiz Categories
Sports
Geography
Music
Movies
Television
Just For Fun
Miscellaneous
History
Literature
Language
Science
Gaming
Entertainment
Religion
Holiday
For Kids
Quiz Lab
Recent
Popular Today
Quiz Kudos Today
Editor Picks
Curator Picks
Quizzes by...
Day
Popularity
Type
Ratings
Length
Year
Community
Subscriptions
Recent Discussions
Orange Saloon
Badges
Playlists
Quests
Create
Leaderboards
Showdown
Live 5
Trivia Bingo
Activity
Puzzle Library
Sporcle Events
Private Events
Virtual Trivia
Globe League
Become a Host
Pub Owners
SporcleCon
Opinionation
Our Games
Videos
Blog
Mobile Apps
Partnerships
Remove Ads and Go Orange
Feedback
Movies
Disney
Marvel Cinematic Universe
Movie Resume
Movie Titles
Oscar
Actor
Actress
Director
Pixar
Role
Movie Quotes
Movie Characters
Box Office
Nominee
Best Picture
Star Wars
James Bond
Horror Movies
Movies
Disney
Marvel Cinematic Universe
Movie Resume
Movie Titles
Oscar
Actor
Actress
Director
Pixar
Role
Movie Quotes
Movie Characters
Box Office
Nominee
Best Picture
Star Wars
James Bond
Horror Movies
Random Quiz
Search Sporcle
×
Quiz Lab
Quiz Lab
Movies
Actor
Type in answers that appear in a list
Type in answers that appear in a list
Classic
Best Score? Go Orange.
Edward Everett Horton movies Stats
Can you name the Edwar Everett Horton movies?
By
Eligius
15m
141 Questions
7 Plays
7 Plays
7 Plays
Comments
Comments
Give Quiz Kudos
Give Quiz Kudos
-
- Ratings
hide this ad
More Info
Replay
Link that replays current quiz
Next Quiz
Link to next quiz in quiz playlist
You Got
0%
They Got
Avg Score
18%
Avg Friend Score
Upgrade to see
Score Distribution
Jump to the score distribution portion of the page
Score
0/141
Timer
15:00
0
Plays Today
(Year) Director
Movie
% Correct
(1930) Edward H. Griffith
Holiday
100%
(1932) Ernst Lubitsch
Trouble in Paradise
100%
(1937) Frank Capra
Lost Horizon
100%
(1937) Ernst Lubitsch
Angel
100%
(1938) George Cukor
Holiday
100%
(1935) Mark Sandrich
Top Hat
85.7%
(1944) Frank Capra
Arsenic and Old Lace
85.7%
(1933) Norman Z. McLeod
Alice in Wonderland
71.4%
(1938) Ernst Lubitsch
Bluebeard's Eighth Wife
71.4%
(1961) Frank Capra
Pocketful of Miracles
71.4%
(1964) Richard Quine
Sex and the Single Girl
71.4%
(1923) James Cruze
Ruggles of Red Gap
57.1%
(1933) Ernst Lubitsch
Design for Living
57.1%
(1934) Ernst Lubitsch
The Merry Widow
57.1%
(1934) Mark Sandrich
The Gay Divorcee
42.9%
(1941) Alexander Hall
Here Comes Mr. Jordan
42.9%
(1935) Josef von Sternberg
The Devil Is a Woman
28.6%
(1936) Jospeh Santley
Her Master's Voice
28.6%
(1937) Mark Sandrich
Shall We Dance
28.6%
(1937) Otto Preminger
Danger: Love at Work
28.6%
(1939) Thornton Freeland
The Gang's All Here
28.6%
(1941) Robert Z. Leonard & Busby Berkeley
Ziegfeld Girl
28.6%
(1943) Busby Berkeley
The Gang's All Here
28.6%
(1922) Jess Robins
Too Much Business
14.3%
(1922) Jess Robins
A Front Page Story
14.3%
(1922) Jess Robins
The Ladder Jinx
14.3%
(1923) Harry Moody
The Vow of Vengeance
14.3%
(1923) James Cruze
To the Ladies
14.3%
(1924) Justin H. McCloskey
Flapper Wives
14.3%
(1924) Cullen Tate
Try and Get It
14.3%
(1924) Wallace Worsley
The Man Who Fights Alone
14.3%
(1924) William A. Seiter
Helen's Babies
14.3%
(1925) James Cruze
Beggar on Horseback
14.3%
(1925) James Cruze
Marry Me
14.3%
(1925) Irving Reis & Jess Robins
The Business of Love
14.3%
(1926) King Vidor
La Bohème
14.3%
(1926) Llyod Ingraham
The Nutcracker
14.3%
(1926) Harry A. Pollard
Poker Faces
14.3%
(1926) Edward Leammle
The Whole Town's Talking
14.3%
(1927) Melville W. Brown
Taxi! Taxi!
14.3%
(1927) Nicholas T. Barrows
No Publicity
14.3%
(1927) J. A. Howe
Find the King
14.3%
(1928) Edward Everett Horton & J. A. Howe
Dad's Choice
14.3%
(1928) J. A. Howe
Behind the Counter
14.3%
(1928) Bryan Foy
Miss Information
14.3%
(1928) J. A. Howe
Horse Shy
14.3%
(1928) Bryan Foy
Lights of New York
14.3%
(Year) Director
Movie
% Correct
(1928) Roy Del Ruth
The Terror
14.3%
(1928) Nicholas T. Barrows
Vacation Waves
14.3%
(1928) J. A. Howe
Call Again
14.3%
(1929) Hugh Faulcon
The Eligible Mr. Bangs
14.3%
(1929) Hugh Faulcon
Ask Dad
14.3%
(1929) Archie Mayo
Sonny Boy
14.3%
(1929) Hugh Faulcon
The Right Bed
14.3%
(1929) Leslie Pearce
Trusting Wives
14.3%
(1929) Roy Del Ruth
The Hottentot
14.3%
(1929) Leslie Pearce
Prince Gabby
14.3%
(1929) Archie Mayo
The Sap
14.3%
(1929) Roy Del Ruth
The Aviator
14.3%
(1930) Lloyd Ingraham
Take the Heir
14.3%
(1930) Archie Mayo
Wide Open
14.3%
(1930) James Cruze
Once a Gentleman
14.3%
(1930) William A. Seiter
Kiss Me Again
14.3%
(1931) Russell Mack
Lonely Wives
14.3%
(1931) Lewis Milestone
The Front Page
14.3%
(1931) Thornton Freeland
Six Cylinder Love
14.3%
(1931) Gergory LaCava
Smart Woman
14.3%
(1932) Wesley Ruggles
Roar of the Dragon
14.3%
(1933) Norman Taurog
A Bedtime Story
14.3%
(1933) William A. Seiter
Professional Sweetheart
14.3%
(1933) Tim Whelan
It's a Boy
14.3%
(1933) Norman Taurog
The Way to Love
14.3%
(1934) William Keighley
Easy to Love
14.3%
(1934) Frank Tuttle
All the King's Horses
14.3%
(1934) Edward Sedgwick
The Poor Rich
14.3%
(1934) J. Walter Ruben
Success at Any Price
14.3%
(1934) Karl Freunc
Uncertain Lady
14.3%
(1934) William A. Seiter
Sing and Like It
14.3%
(1934) Robert Florey
Smarty
14.3%
(1934) Maurice Elvey
Soldiers of the King
14.3%
(1934) Harlan Thompson
Kiss and Make-Up
14.3%
(1934) Frank Tuttle
Ladies Should Listen
14.3%
(1935) Edward H. Griffith
Biography of a Bachelor Girl
14.3%
(1935) Dudley Murphy
The Night Is Young
14.3%
(1935) Llyod Bacon
In Caliente
14.3%
(1935) Robert Florey
Going Highbrow
14.3%
(1935) Michael Curtiz
Little Big Shot
14.3%
(1935) Henry Edwards
The Private Secretary
14.3%
(1935) William Nigh
His Night Out
14.3%
(1936) Frank Borzage
Hearts Divided
14.3%
(1936) Maurice Elvey
The Man in the Mirror
14.3%
(1937) Mervyn LeRoy
The King and the Chorus Girl
14.3%
(1937) James Whale
The Great Garrick
14.3%
(1938) Raoul Walsh
College Swing
14.3%
(Year) Director
Movie
% Correct
(1939) David Butler
That's Right - You're Wrong
14.3%
(1941) Herbert Wilcox
Sunny
14.3%
(1942) Irving Cummings
Springtime in the Rockies
14.3%
(1943) Edmund Goulding, René Clair Et. Al.
Forever and a Day
14.3%
(1944) Douglas Sirk
Summer Storm
14.3%
(1944) Ralph Murphy
The Town Went Wild
14.3%
(1947) Alexander Hall
Down to Earth
14.3%
(1963) Stanley Kramer
It's a Mad Mad Mad Mad World
14.3%
(1971) Norman Lear
Cold Turkey
14.3%
(1928) Nicholas T. Barrows
Scrambeled Weddings
0%
(1929) Leslie Pearce
Good Medicine
0%
(1930) Edmund Goulding
Reacing for the Moon
0%
(1931) Frank Lloyd
The Age for Love
0%
(1931) William Beaudine
The Great Junction Hotel
0%
(1932) Jack Conway
But the Flesh Is Weak
0%
(1935) George Marshall
$10 Raise
0%
(1935) Eugene Forde & James Tinling
Your Uncle Dudley
0%
(1936) William Keighley
The Singing Kid
0%
(1936) Arthur Collins & Irving Cummings
Nobody's Fool
0%
(1936) Ray McCarey
Let's Make a Million
0%
(1937) Ray McCarey
Oh, Doctor
0%
(1937) Louis King
Wild Money
0%
(1937) Michael Curtiz
The Perfect Specimen
0%
(1937) Raoul Walsh
Hitting a New High
0%
(1938) Erle C. Kenton
Little Tough Guys in Society
0%
(1939) Frank Tuttle
Paris Honeymoon
0%
(1941) Ralph Murphy
You're the One
0%
(1941) Harold Young
Bachelor Daddy
0%
(1941) Irving Reis
Weekend for Three
0%
(1941) D. Ross Lederman
The Body Disappears
0%
(1942) Walter Lang
The Magnificent Dope
0%
(1942) W.S. Van Dyke & Roy Del Ruth
I Married an Angel
0%
(1943) David Butler
Thank Your Lucky Stars
0%
(1944) Charles Lamont
Her Primitive Man
0%
(1944) Reginald Le Borg
San Diego I Love You
0%
(1944) Joseph Santley
Brazil
0%
(1945) Alexander Esway
Steppin' in Society
0%
(1945) Charles David
Lady on a Train
0%
(1946) Busby Berkeley
Cinderella Jones
0%
(1946) Sidney Salkow
Faithful in My Fashion
0%
(1946) Albert S. Rogell
Earl Caroll Sketchbook
0%
(1947) George Blair
The Ghost Goes Wild
0%
(1947) S. Sylvan Thompson
Her Husband's Affairs
0%
(1957) Irwin Allen
The Story of Mankind
0%
(1963) Dale Jennings
One Got Fat
0%
(1967) Herbert B. Leonard & Joshua Shelley
The Perils of Pauline
0%
(1969) Bert Tenzer
2000 Years Later
0%
Quiz Playlist
Details
Report
Send in Message
Add To Playlist
More Info:
All film appearances are included, also of films presumably lost. TV-appearances are excluded.
Classic:
Type in answers that appear in a list
Quiz Source
Last Updated: Feb 16, 2017
Quiz Scoreboard
CHALLENGE
Sign Up to Join the Scoreboard
Show All
Scores
Hide
Comments
May contain spoilers
Recently Published
Two Season TV Shows II
by 123Four
Television
10m
Image Sorting: Flags VI
by Barbecue
Geography
2m
Find the 'City' Movie
by crazypaving
Movies
60s
More to Explore
Quiz From the Vault
Featured Blog Post
14 Easter Pick-up Lines to Find Eggs With
hide this ad
You Might Also Like...
Tags
Actor Quiz
Movie Titles Quiz
Berkeley
Edward
Everett
Frank Capra
Hollywood
Today's Top Quizzes in Movies
Browse Movies
hide this ad
Today's Top Quizzes in Actor
Browse Actor
Top Contributed Quizzes in Movies
1
The ultimate James Bond movie quiz
2
Find The 'Big' Movie
3
Find The 'Wild' Movie
4
Find The 'Blue' Movie
5
Movies By Plot
6
Hidden Star Wars Character II
7
Pick 5 Posters: Directed by Spielberg
8
Hidden Star Wars Character III
9
Hidden Star Wars Character IV
10
25 Best Actor Nominees (1990s)
Explore More
Trending Topics
Marvel
NBA
Disney
Crossword
Kpop
Anime
Harry Potter
WWE
Puzzle
Soccer
Pokémon
Song
NFL
Country
The Office
hide this ad
More By:
Eligius
Quiz
Plays
Rating
Category
Featured
Created
Edward Everett Horton movies
7
Movies
Nov 25, 2011
Go to Creator's Profile
Score Distribution
Quiz Creator Spotlight
Eligius
Follow
Send a Message
Quizzes Created
-
Created Quiz Play Count
-
More By This Creator
Popular Quizzes Today
1
Find the US States - No Outlines Minefield
2
Colored Red Africa Blitz
3
Find the 'City' Movie
4
5x2 Blitz: Bands
5
The Countries of the World
6
Find the Countries of Europe - No Outlines Minefield
7
Find the US States
8
US States
More Movies Quizzes
Movie by Difficulty XI
Published
Trending Quizzes
Colored Red Europe Blitz I
Colored Red Africa Blitz II
Colored Red Europe Blitz II
Colored Red Africa Blitz III
Colored Red Europe Blitz III
Recently Updated
How Do You Spell That?
pecheneg
Godzilla Movies
pecheneg
Grab Bag: 4-10 Letters
pecheneg
2024 March Madness Bracket
pecheneg
Famous TV Couples
Peacemaker
Champions League XIs: Real Madrid
pecheneg
Largest US Cities 1790-2010
pecheneg
Rides in Walt Disney World
pecheneg
Most Oscar Losses (Acting)
pecheneg
Beyoncé Albums
pecheneg
Trending Topics
NBA
Crossword
Anime
Harry Potter
Disney
Kpop
Marvel
NFL
Song
The Office
WWE
Puzzle
Soccer
Pokémon
Country
Your Account Isn't Verified!
In order to create a playlist on Sporcle, you need to verify the email address you used during registration. Go to your
Sporcle Settings
to finish the process.
Report this User
Report this user for behavior that violates our
Community Guidelines
.
Details:
Send Report
Go to the Sporcle.com Mobile Site →
Comments